LEADER 00988nam a2200241 4500 001 000000364586 003 CaOOAMICUS 005 20251013111632.0 008 251006s2005 it 000 u ita r 020 $a88-87625-29-8 040 $aSeMil$bita 100 1 $aBianchi, Isidoro,$d<1731-1808>.$0(OLS)http://semarc/name/122866 245 10$aDell'Instituto dei veri Liberi Muratori :$b1786 /$cAbate Isidoro Bianchi. 264 1$aSan Donato :$bPiZeta,$c2005. 300 $aIX, 85 p. :$bill. ;$c21 cm 650 4$aMassoneria.$0(OLS)http://semarc/subject/2383 850 $aSeMil 852 $aSeMil$W1$xVenegono$y1$m3N I 736$j263139$B255441$CSeMilBibl$Z2$F255441 $81 961 $aBuzzi mons. Franco - Omaggio 996 $6020$a88-87625-29-8$9(OLS)http://semarc/number/304270 996 $6245$aDell'Instituto dei veri Liberi Muratori :$b1786$9(OLS)http://semarc/title/455999 996 $6264$aSan Donato :$bPiZeta$9(OLS)http://semarc/publisher/61997 LEADER 01409nas a2200277 i 4500 001 000000202572 003 CaOOAMICUS 005 20110705000000.0 008 110526b2010 fr uu u0 0mul r 013 $a181282 020 $a978-2-85121-274-4 040 $aSeMil$bita 245 10$a[2010 : 2]. 260 $aTurnhout :$bBrepols,$c2010. 260 $aParis :$bInstitut d'Études Augustiniennes,$c2010. 300 $aII p., P. 135-404 :$btabelle ;$c25 cm. 500 $aA piè del front. : Revue soutenue par l'Institut des Sciences Humaines et Sociales du CNRS. - Articoli con sintesi in francese [Résumé] e in inglese [Abstract/Summary] in coda. - Contiene [Bollettini periodici] : Chronica Tertullianea et Cyprianea 2009 ; Bulletin augustinien pour 2009/2010 et compléments d'années antérieures. 700 1 $aCNRS : Institut des Sciences Humaines et Sociales.$0(OLS)http://semarc/name/66460 774 0 $t[vedi periodico].$w()275393 850 $aSeMil 852 $aSeMil$W1$xVenegono$y1$m154 4 38$j153093$B153093$CSeMilBibl$Z2$F165111 $85 961 $aCambio: Scuola Cattolica 996 $6020$a978-2-85121-274-4$9(OLS)http://semarc/number/195558 996 $6245$a[2010 : 2]$9(OLS)http://semarc/title/267117 996 $6260$aParis :$bInstitut d'Études Augustiniennes$9(OLS)http://semarc/publisher/31915 996 $6260$aTurnhout :$bBrepols$9(OLS)http://semarc/publisher/29626